Guess the Location #70 (Set 5) - Statistics

General Stats
  • This quiz has been taken 17 times
  • The average score is 12 of 15
Answer Stats
Land Borders Maritime Boundaries Sovereign
State?
First Letter Location % Correct
France, Spain [none] Y ? Andorra
94%
Greece, North Macedonia, Romania, Serbia, Turkey [included in land border locations] Y ? Bulgaria
94%
Nicaragua, Panama Colombia, Ecuador [plus land border locations] Y ? Costa Rica
94%
Armenia, Azerbaijan, Russia, Turkey [included in land border locations] Y ? Georgia
94%
Oman, Saudi Arabia Iran, Qatar [and land border locations] Y ? United Arab Emirates
94%
Austria, Belgium, Czech Republic, Denmark, France, Luxembourg, Netherlands, Poland, Switzerland Sweden, United Kingdom [plus some land border locations] Y ? Germany
88%
Brunei, Indonesia, Thailand Philippines, Singapore, Vietnam [plus land border locations] Y ? Malaysia
88%
Austria, Czech Republic, Hungary, Poland, Ukraine [none] Y ? Slovakia
88%
[none] Australia, New Caledonia, Papua New Guinea, Vanuatu Y ? Solomon Islands
88%
D. R. Congo, Namibia, R. Congo, Zambia [included in land border locations] Y ? Angola
81%
Bosnia and Herzegovina, Hungary, Montenegro, Serbia, Slovenia Italy [plus some land border locations] Y ? Croatia
81%
Afghanistan, Armenia, Azerbaijan, Iraq, Pakistan, Turkey, Turkmenistan Bahrain, Kuwait, Oman, Qatar, Saudi Arabia, United Arab Emirates [plus some land border locations] Y ? Iran
81%
Algeria, Mauritania, Morocco Spain [plus two land border locations] N ? Sahrawi Republic
75%
[none] Aruba, Bonaire, Dominican Republic, Venezuela N ? Curaçao
50%
[none] Comoros, Madagascar, Seychelles N ? Mayotte
50%
No matching quizzes found
Score Distribution
Percent of People with Each Score
Percentile by Number Answered
Your Score History
You have not taken this quiz